| 000 | 00564nam a2200181Ia 4500 | ||
|---|---|---|---|
| 008 | 090123s9999 xx 000 0 und d | ||
| 082 | _b986 | ||
| 100 | _aचोरघडे वामन | ||
| 245 | _aचोरघडे यांची कथा | ||
| 250 | _a1 | ||
| 260 | _bकुलकर्णी अ.अ. | ||
| 300 | _a176 | ||
| 600 | _aचोरघडे वामन | ||
| 630 | _aचोरघडे यांची कथा | ||
| 700 | _aचोरघडे वामन | ||
| 730 | _aचोरघडे यांची कथा | ||
| 942 | _cBOOK | ||
| 999 |
_c39071 _d39071 |
||